| 000 | 00369cam a22001217a 4500 | ||
|---|---|---|---|
| 008 | 180718b1955 xxu||||| |||| 00| 0 eng d | ||
| 082 | _aO6x42 Sw55 | ||
| 100 | _aSwift,Stewart | ||
| 245 |
_aSanitary officers practice : Food inspection _cEdited by Stewart Swift |
||
| 260 |
_aLondon _bButtweworth _c1955 |
||
| 300 | _axiv, 732p | ||
| 650 | _aFood adulteration and inspection | ||
| 999 |
_c410435 _d410435 |
||